Pokémon Platine - Les capacités de type Insecte - Statistiques

Statistiques générales
  • Ce quiz a été pris 33 fois
  • Le résultat moyen est 11 sur 17
Statistiques - réponses
Gen Catégorie Capacité % Correct
IV Spéciale Bourdon
80%
I Statut Sécrétion
80%
I Physique Dard-Nuée
73%
IV Physique Plaie-Croix
73%
I Physique Vampirisme
73%
IV Physique Appel Attak
67%
IV Statut Appel Soin
67%
II Physique Mégacorne
67%
IV Statut Appel Défens
63%
III Spéciale Vent Argenté
63%
II Statut Toile
60%
IV Physique Demi-Tour
57%
IV Physique Piqûre
57%
III Spéciale Rayon Signal
53%
I Physique Double-Dard
50%
II Physique Taillade
50%
III Statut Lumiqueue
37%
Aucun quiz correspondant
Distribution des résultats
% des personnes avec chaque résultat
Percentile par nombre de réponses
Votre historique - résultats
Vous n’avez pas pris ce quiz